| 000 | 00375nam a2200157Ia 4500 | ||
|---|---|---|---|
| 008 | 230312s9999||||xx |||||||||||||| ||und|| | ||
| 020 | _a0-7506-6657-9 | ||
| 082 |
_a720 _bOLI-B |
||
| 100 | _aOliver;Paul | ||
| 245 | 0 | _aBuilt to Meet Needs | |
| 260 |
_bElsevier _aItaly _c2006 |
||
| 300 | _a445 | ||
| 546 | _aEng. | ||
| 650 |
_aArchitecture _vBuilt to Meet Needs |
||
| 942 | _cBK | ||
| 999 |
_c9659 _d9659 |
||